Les prénoms les plus attribués dans les années 1970 - Statistiques

Statistiques générales
  • Ce quiz a été pris 5 153 fois
  • Le résultat moyen est 57 sur 100
Statistiques - réponses
Rang Prénom % Correct
50 Jean
95%
29 Marie
92%
100 Laure
86%
66 Pierre
84%
58 François
81%
1 Christophe
80%
2 Stéphane
80%
40 Anne
79%
11 Isabelle
77%
61 Patrick
77%
8 Stéphanie
77%
9 Laurent
76%
6 Nathalie
76%
15 Nicolas
76%
99 Christian
75%
47 Christine
75%
51 Julien
75%
77 Marc
75%
24 Sylvie
75%
14 Valérie
75%
10 Olivier
74%
21 Philippe
74%
7 Frédéric
73%
84 Michel
73%
5 Sandrine
73%
17 Sophie
73%
4 Sébastien
72%
32 Laurence
71%
13 Céline
69%
3 David
69%
20 Eric
69%
30 Véronique
69%
69 Dominique
68%
88 Thomas
68%
52 Alexandre
67%
35 Catherine
67%
16 Christelle
67%
41 Caroline
66%
31 Thierry
66%
28 Vincent
66%
37 Pascal
65%
60 Fabien
64%
43 Florence
64%
79 Patrice
64%
45 Guillaume
63%
78 Aurélie
62%
42 Cécile
62%
63 Patricia
62%
12 Jérôme
60%
87 Alain
59%
36 Emmanuel
59%
19 Virginie
59%
22 Franck
58%
67 Hélène
58%
49 Bruno
57%
83 Didier
57%
56 Xavier
57%
18 Karine
56%
53 Corinne
53%
27 Fabrice
53%
94 Claire
52%
92 Damien
51%
44 Carole
50%
26 Cédric
50%
33 Sandra
50%
59 Benoît
49%
89 Gilles
49%
48 Sylvain
49%
98 Anthony
48%
82 Béatrice
48%
65 Alexandra
47%
68 Emmanuelle
47%
34 Arnaud
46%
80 Audrey
46%
74 Fabienne
46%
25 Delphine
45%
76 Yann
45%
23 Séverine
43%
38 Ludovic
40%
71 Hervé
39%
73 Carine
38%
91 Vanessa
36%
57 Gregory
35%
64 Mickaël
35%
72 Yannick
35%
39 Laëtitia
34%
55 Cyril
33%
81 Sabrina
33%
54 Magali
32%
85 Sabine
32%
93 Estelle
31%
46 Michael
31%
62 Sonia
30%
90 Myriam
27%
96 Géraldine
26%
86 Nadia
24%
70 Angélique
23%
95 Jean-François
23%
75 Lionel
23%
97 Nadège
23%
Aucun quiz correspondant
Distribution des résultats
% des personnes avec chaque résultat
Percentile par nombre de réponses
Votre historique - résultats
Vous n’avez pas pris ce quiz